| 000 | 01277cam a2200349 4500 | ||
|---|---|---|---|
| 001 | WS108114 | ||
| 008 | 000000n 000 0 eng u | ||
| 035 | _a(Sirsi) u108114 | ||
| 245 | _aGroundbreaker.net | ||
| 520 | _aSite for this internet venture (majority shareholder Drivers Jonas), which is 'changing the way real estate advisory services are delivered'. It covers a selection of topics in different formats offering advice some free and some on subscription. | ||
| 650 | _aGLOSSARY | ||
| 650 | _aACQUISITIONS | ||
| 650 | _aMANAGEMENT-DISPUTE AVOIDANCE, MANAGEMENT AND RESOLUTION-DISPUTE MANAGEMENT AND RESOLUTION-ARBITRATION | ||
| 650 |
_aEXPERT WITNESS _96239 |
||
| 650 | _aLONDON | ||
| 650 | _aOFFICES | ||
| 650 | _aDISABILITY DISCRIMINATION ACT 1995 | ||
| 650 | _aLEASING | ||
| 650 | _aRENT REVIEWS | ||
| 650 | _aHOT DESKING | ||
| 650 | _aCONTAMINATED LAND | ||
| 650 | _aSPACE PLANNING | ||
| 650 | _aSERVICE CHARGES | ||
| 650 | _aBUILDING INSURANCE | ||
| 650 | _aSERVICE CHARGES | ||
| 650 | _aRENT REVIEWS | ||
| 650 | _aPLANNED MAINTENANCE | ||
| 650 | _aDEVELOPMENT PLANS | ||
| 690 | _aPROPERTY-COMMERCIAL PROPERTY | ||
| 856 | 4 | 0 |
_uhttps://www.groundbreaker.net _zView the website free of charge at www.groundbreaker.net... |
| 942 | _n0 | ||
| 999 |
_c119623 _d119623 |
||